000 00444nam a2200157Ia 4500
008 230917s9999||||xx |||||||||||||| ||und||
040 _e113722
_aMAIN
041 _aEnglish
082 _a005.133 C661P
100 _aCohoon, James P
245 0 _aProgramming in C++: an introduction to programming and object-oriented design
250 _a3rd Ed
260 _aNew Delhi
_bTata McGraw-Hill
_c2002
300 _axxviii p. ; 984p
942 _cBK
999 _c140663
_d140663